Nalaganje...
Kerala
| Drugi avtorji: | |
|---|---|
| Format: | Printed Book |
| Izdano: |
India
Lonely planet
2013
|
| Izdaja: | 1st ed. |
| LEADER | 00466nam a22001577a 4500 | ||
|---|---|---|---|
| 003 | OSt | ||
| 020 | |a 9781743219645 | ||
| 082 | |a 954.83 |b LON/KE | ||
| 245 | |a Kerala | ||
| 250 | |a 1st ed. | ||
| 260 | |a India |b Lonely planet |c 2013 | ||
| 300 | |a 256 Pages | ||
| 700 | |a Lonely planet | ||
| 942 | |2 ddc |c REF | ||
| 999 | |c 141958 |d 141958 | ||
| 952 | |0 0 |1 0 |2 ddc |4 0 |6 954_830000000000000_LONKE |7 0 |9 140895 |a KAUCLV |b KAUCLV |c REF |d 2015-11-17 |g 425.00 |o 954.83 LON/KE |p 224688 |r 2015-11-17 |w 2015-11-17 |y REF | ||